Score 0/24 Timer 03:00
4 Plays Today
Mixed Word Answer % Correct
UPCCup
99.8%
YEKKey
99.1%
ASESea
99.1%
ICKKKick
97.7%
LILBBill
97.3%
LIPCClip
94.3%
FURSSurf
93.5%
VOEROver
91.4%
ASHDDash
91.3%
NOSWSnow
86.9%
LKCHAChalk
83.4%
KROCCork
77.2%
Mixed Word Answer % Correct
EESECHCheese
75.9%
XIIMGNMixing
74.1%
CHOSOLSchool
72.7%
MAGSEGames
71.6%
ROSCEScore
68.5%
KASTESkate
59%
WISHTCSwitch
53.6%
TLEOENEPHTelephone
52.1%
VEERIWReview
49.9%
EORTMHMother
44.2%
Common Bond:Board
38.7%
NOCEADTUIEducation
15.6%
Remove Ads.
Support Sporcle.
Get the best of Sporcle when you Go Orange. This ad-free experience offers more features, more stats, and more fun while also helping to support Sporcle. Thank you for becoming a member.

You're not logged in!

Compare scores with friends on all Sporcle quizzes.
OR
Log In

Show Comments

Extras

Top Quizzes Today


Score Distribution

Your Account Isn't Verified!

In order to create a playlist on Sporcle, you need to verify the email address you used during registration. Go to your Sporcle Settings to finish the process.

Report this User

Report this user for behavior that violates our Community Guidelines.

Details: